000 00723nam a2200253 a 4500
999 _c1632
_d1632
007 ta
008 200113t2010 xxkad||g |||| 001 0 eng d
020 _a9781843118800
040 _aKO
_beng
041 0 _aeng
044 _axxk
082 0 4 _223
_a387.51
_bG7622
245 1 0 _aThe Handbook of Maritime Economics and Business /
_c Edited by Costas Th. Grammenos
250 _a2nd ed.
260 _aLondon :
_bLloyd's List ,
_c2010
300 _axxix , 1062 p. :
_bill., Charts. ;
_c24 cm.
504 _aIncludes Index.
650 0 _aShipping
_vHandbooks, manuals, etc
650 0 _aMerchant mariners
_vHandbooks, manuals, etc
700 _aGrammenos, Costas Th
_eedt
904 _aReshma_R
942 _cRT